000 01216cam a2200241 4500
001 ##L134148
008 060713n2006 000 0 eng u
035 _a(Sirsi) u134148
041 0 _aeng
050 0 4 _a720 $2 18
110 2 _aCommission for Architecture and the Built Environment
_94058
245 0 0 _aDesign review
_bhow CABE evaluates quality in architecture and urban design
_h[electronic resource]
250 _a2nd ed.
260 _c2006
300 _a28p.
520 _aExplains how CABE's design review panel assesses good design in architecture, urban design and public space. Provides guidance on how the panel evaluates schemes, from site planning through to final project, and considers issues such as procurement and the role of the planning system. This second edition takes account of recent changes in legislation.
520 _aSupersedes first edition.
590 _aIKA180706
651 4 _aEngland
_y886-
690 _aBUILT ENVIRONMENT-CONSTRUCTION DESIGN-ARCHITECTURAL DESIGN
856 4 8 _uhttps://webarchive.nationalarchives.gov.uk/20110118095356/http://www.cabe.org.uk/files/design-review.pdf
_zView the item free of charge at webarchive.nationalarchives.gov.uk
942 _n0
999 _c105565
_d105565